|
|
|
|
| LEADER |
00000nab a2200000 a 4500 |
| 001 |
vtls000181202 |
| 003 |
SK-MaSNL |
| 005 |
20260311224639.0 |
| 008 |
111104c1984 xo 0 slo |
| 015 |
|
|
|a SNBRB19rr/mm-uuuuu
|
| 035 |
|
|
|a CL0191315
|
| 040 |
|
|
|a SNKBUCL
|b slo
|c SNKBUCL
|e AACR2
|
| 041 |
0 |
|
|a slo
|
| 044 |
|
|
|a xo
|c SK
|
| 080 |
|
|
|a 329.15(437)
|2 1981
|
| 080 |
|
|
|a 329.71
|2 1981
|
| 080 |
|
|
|a 328.1
|2 1981
|
| 245 |
0 |
0 |
|a Vyhlásenie Ústredného výboru Komunistickej strany Československa, Ústredného výboru Národného frontu ČSSR a vlády ČSSR k 40. výročiu vyvrcholenia národnooslobodzovacieho boja čs. ľudu a oslobodenia našej vlasti Sovietskou armádou
|
| 300 |
|
|
|b Obr. 2.
|
| 610 |
|
7 |
|a Komunistická strana Československa
|2 snkbucl
|9 32256
|
| 610 |
2 |
7 |
|a Národný front (politické zoskupenie)
|2 snkbucl
|9 101503
|
| 651 |
|
7 |
|a Československo
|2 snkbucl
|9 21376
|
| 655 |
|
7 |
|a články z novín a časopisov
|2 snkbucl
|9 267496
|
| 773 |
0 |
|
|t Národné výbory
|g Č. 10 (1984), s. 4-7
|
| 850 |
|
|
|a Slovenská národná knižnica v Martine
|a MTA001
|
| 852 |
|
|
|a SNK
|b KIS3GCP
|
| 992 |
|
|
|a RBX
|
| 999 |
|
|
|c 3260971
|d 3262901
|